LEADER 01232nam a2200301 i 4500 001 000000045995 003 CaOOAMICUS 005 20090226000000.0 008 090226s1990 it u000 u ita u 013 $a17165 020 $a8870481999 040 $aSeMil$bita 100 1 $aBruno, Angelo.$0(OLS)http://semarc/name/22868 245 10$aMaterialismo e verità nell'illuminismo /$cAngelo Bruno. 260 $aLecce :$bMilella,$cstampa 1990. 300 $a139 p. ;$c21 cm. 490 0 $aL'uomo e la città ;$v9 650 4$aIlluminismo - Filosofia.$0(OLS)http://semarc/subject/1064 650 4$aMaterialismo.$0(OLS)http://semarc/subject/4406 650 4$aAteismo.$0(OLS)http://semarc/subject/2022 650 4$aVerità - Filosofia.$0(OLS)http://semarc/subject/3000 830 2$aL'uomo e la città ;$v9.$0(OLS)http://semarc/title/27065 850 $aSeMil 852 $aSeMil$W1$xVenegono$y1$m2P V 506$j12150$B12150$CSeMilBibl$Z2$F12150 $81 961 $aOmaggio per recensione: Scuola Cattolica 996 $6020$a8870481999$9(OLS)http://semarc/number/18374 996 $6245$aMaterialismo e verità nell'illuminismo$9(OLS)http://semarc/title/68601 996 $6260$aLecce :$bMilella$9(OLS)http://semarc/publisher/30412 LEADER 01837nam a2200337 i 4500 001 000000119567 003 CaOOAMICUS 005 20160119000000.0 008 160119s2004 it u000 u mul u 013 $a92261 020 $a88-311-9087-3 040 $aSeMil$bita 100 1 $aFortunatianus : Aquileiensis,$c.$0(OLS)http://semarc/name/49844 245 10$aCommenti ai Vangeli /$cFortunaziano, vescovo di Aquileia ; a cura di Giulio Trettel. Sermoni / Cromazio, vescovo di Aquileia ; introduzione a cura di Joseph Lemarié e Giulio Trettel ; traduzione e note a cura di Giuseppe Cuscito. 260 $aAquileia :$bSocietà per la conservazione della Basilica di Aquileia,$c2004. 260 $aRoma :$bCittà Nuova,$c2004. 300 $a240 p. ;$c25 cm. 490 0 $aScrittori della Chiesa di Aquileia = Corpus Scriptorum Ecclesiae Aquileiensis ;$v4./1 500 $aAltro front. in latino. - Testo orig. a fronte. 700 1 $aTrettel, Giulio.$0(OLS)http://semarc/name/3704 700 1 $aCuscito, Giuseppe.$0(OLS)http://semarc/name/10730 700 1 $aChromatius : Aquileiensis .$0(OLS)http://semarc/name/3703 700 1 $aLemarié, Joseph,$c.$0(OLS)http://semarc/name/4727 830 0$aScrittori della Chiesa di Aquileia ;$v4./1.$0(OLS)http://semarc/title/94033 850 $aSeMil 852 $aSeMil$W1$xVenegono$y1$mSL1.V II 24/1$j74774$B74774$CSeMilBibl$Z2$F84704 $8I 961 $aSottoscrizione: Città Nuova (Agente) 996 $6020$a88-311-9087-3$9(OLS)http://semarc/number/104483 996 $6245$aCommenti ai Vangeli$9(OLS)http://semarc/title/175743 996 $6260$aRoma :$bCittà Nuova$9(OLS)http://semarc/publisher/29609 996 $6260$aAquileia :$bSocietà per la conservazione della Basilica di Aquileia$9(OLS)http://semarc/publisher/34673